Temps géologiques - Statistiques

Statistiques générales
  • Ce quiz a été pris 1 218 fois
  • Le résultat moyen est 15 sur 37
Statistiques - réponses
Âge (Ma) "Superéon" Éon Ère Période % Correct
201 0 0 0 Jurassique
90%
145 0 0 0 Crétacé
85%
252 0 0 0 Trias
82%
541 0 0 0 Cambrien
72%
0 0 0 0 Mésozoïque
71%
359 0 0 0 Carbonifère
66%
0 0 0 0 Paléozoïque
66%
299 0 0 0 Permien
65%
0 0 0 0 Cénozoïque
63%
0 0 0 0 Précambrien
62%
2,5 0 0 0 Quaternaire
61%
419 0 0 0 Dévonien
60%
443 0 0 0 Silurien
60%
485 0 0 0 Ordovicien
59%
0 0 0 0 Archéen
53%
4 540 0 0 0 Hadéen
53%
0 0 0 0 Phanérozoique
47%
65 0 0 0 Paléogène
46%
0 0 0 0 Protérozoïque
46%
23 0 0 0 Néogène
45%
0 0 0 0 Néoprotérozoïque
27%
3 200 0 0 0 Mésoarchéen
26%
0 0 0 0 Mésoprotérozoïque
26%
2 800 0 0 0 Néoarchéen
26%
3 600 0 0 0 Paléoarchéen
26%
0 0 0 0 Paléoprotérozoïque
26%
4 000 0 0 0 Éoarchéen
22%
635 0 0 0 Édiacarien
16%
850 0 0 0 Cryogénien
14%
2 300 0 0 0 Rhyacien
11%
2 500 0 0 0 Sidérien
11%
1 000 0 0 0 Tonien
10%
2 050 0 0 0 Orosirien
9%
1 200 0 0 0 Sténien
9%
1 600 0 0 0 Calymmien
8%
1 400 0 0 0 Ectasien
8%
1 800 0 0 0 Stathérien
8%
Aucun quiz correspondant
Distribution des résultats
% des personnes avec chaque résultat
Percentile par nombre de réponses
Votre historique - résultats
Vous n’avez pas pris ce quiz